000 00779nam a2200289Ia 4500
005 20260324113955.0
008 008 260324s9999 xx 000 0 eng d
020 _a9781003457619
037 _aEBOOK
040 _aCRL
040 _beng
040 _cCRL
041 _2eng
041 _aeng
084 _qCRL
100 _aDimitrios A. Karras; Sai Kiran Oruganti; Sudeshna Ray
_91148913
245 0 _aInterdisciplinary Perspectives on Sustainable Development
245 0 _bAchieving the SDGs through Education, Wellbeing, and Innovation
260 _bTaylor and Francis
260 _c2023
365 _a
365 _b280
856 _uhttp://www.taylorfrancis.com/books/9781003457619
942 _cEBOOK
999 _c1738853
_d1738853